000 00394nam a2200157Ia 4500
008 230718s9999 xx 000 0 und d
041 _aeng
082 _a891.46
_bPAR
100 _aParate M.S.
245 _aYog Paris
_bBhag 1
260 _c2010
_bParate Usha M.
300 _a104
365 _cRs.
_b80.00
700 _aParate M.S.
906 _dO:0257815-Feb-2012B:10217-Jan-2012
_cGENRL
_b16
999 _c329856
_d329856